000 00546nam a22001937a 4500
005 20251108172824.0
008 250721s1999 xx 000 0 eng d
020 _a60266082
082 1 4 _aJ/F/MOO
100 1 _aMoore, Clement C.
245 1 4 _aThe Night Before Christmas /
264 1 _aNew York :
_bHarperCollins publishers,
_c1999.
500 _aرقم تزويد عدن هو (642577)
650 1 7 _aFICTION
650 1 7 _aCHILDREN
653 _aاطفال مرحله متوسطه (6-9) سنوات
942 _2ddc
_cBK
999 _c89346
_d89346